Normal view
MARC view
- Sup Tariq Mahmood Ahmad.
Entry Personal Name
001 - CONTROL NUMBER
- control field: 30697
003 - CONTROL NUMBER IDENTIFIER
- control field: NUST
005 - DATE AND TIME OF LATEST TRANSACTION
- control field: 20200923154116.0
008 - FIXED-LENGTH DATA ELEMENTS
- fixed length control field: 200923|| aca||aabn | a|a d
040 ## - CATALOGING SOURCE
- Original cataloging agency: NUST
- Transcribing agency: NUST
100 ## - HEADING--PERSONAL NAME
- Personal name: Sup Tariq Mahmood Ahmad.
670 ## - SOURCE DATA FOUND
- Source citation: Work cat.: (NUST): Akhtar, Parveen 30695, Association of Thyroid Dysfuntion with Type 2 Diabetes /, 2015.
